Statistics for Egoless sections

Click here to take the quiz!

General Stats

  • This quiz has been taken 23 times
    (21 since last reset)
  • The average score is 163 of 261

Answer Stats

Answer% Correct
Aggravating Verse A
100%
Aggravating Verse B
100%
Aggravating Verse C
100%
Aggravating Verse E
100%
Aggravating Verse F
100%
Aggravating Verse G
100%
Aggravating Verse H
100%
Aggravating Verse I
100%
Chorus 1
100%
Chorus 10
100%
Chorus 2
100%
Chorus 3
100%
Chorus 4
100%
Chorus 5
100%
Chorus 6
100%
Chorus 7
100%
Chorus 8
100%
Xyphos
100%
Aggravating Verse J
89%
Begin Solo
89%
Egoless
89%
Fatalism A
89%
Fatalism B
89%
Fatalism C
89%
Fatalism D
89%
Fatalism E
89%
Kraken
89%
Machinations A
89%
Machinations B
89%
Aggravating Piano D
78%
Brown Recluse
78%
Caged
78%
Crush Opposition
78%
Dustier Shit
78%
Dusty as Shit
78%
Endarkened Solo
78%
Enlightened Solo
78%
Epic Hekya Dance
78%
Fretting Solo
78%
Harp Reversed
78%
Harp Solo
78%
Introduction
78%
Mega Solo
78%
Mini Solo A
78%
Mini Solo B
78%
Mini Solo C
78%
Mini Solo D
78%
Mini Solo E
78%
Mini Solo F
78%
Murderous Solo
78%
Now Do it in Reverse Lmao
78%
Odd Build-up Reversed
78%
Odd Build-up Solo
78%
Pentifocal: Blue
78%
Pentifocal: Green
78%
Pentifocal: Orange
78%
Pentifocal: Red
78%
Pentifocal: Yellow
78%
Phew.
78%
Pirates A
78%
Pirates B
78%
Prologue
78%
Pure Aggravation
78%
RNG 1
78%
RNG 2
78%
RNG 3
78%
RNG 4
78%
RNG 5
78%
RNG 6
78%
RNG 7
78%
RNG 8
78%
Stepping Solo A
78%
Stepping Solo B
78%
Stepping Solo C
78%
Through the Fire
78%
Uneasy Solo
78%
Victory
78%
Writhing Solo
78%
Abaddon Solo
67%
A Moment to Reflect
67%
And Flames
67%
Anxiety A
67%
Anxiety B
67%
Anxiety C
67%
Anxiety in Review
67%
Ascension Solo A
67%
Ascension Solo B
67%
Ascension Solo C
67%
Ascension Solo D
67%
Aw Heck Yeah
67%
Chorus Battletoads
67%
Dark Matter
67%
Dual Tri A
67%
Dual Tri B
67%
Dungeoned
67%
Echoes
67%
Epilogue
67%
Escalate A
67%
Escalate A++
67%
Escalate B
67%
Escalate B++
67%
Escalate C++
67%
Escalate C
67%
Feasible Solo
67%
Fever Dream
67%
Final Rest
67%
Genocide Reversed
67%
Genocide Solo
67%
Get Down
67%
Hero's Return
67%
It's Not the Song.
67%
Murderous Reversed
67%
Nightmare
67%
Penis Chords
67%
Pirates C
67%
Pirates D
67%
Robotic Solo
67%
Sinister Return
67%
Solo Build-up
67%
Suicide Solo
67%
Synthetic
67%
Thieves A
67%
Thieves B
67%
Tradeoff
67%
Tranquility A
67%
Tranquility B
67%
Trips...?
67%
Ultimate Solo
67%
Writhing Reversed
67%
You're Just Losing It.
67%
Additive Solo A
56%
Additive Solo B
56%
Additive Solo C
56%
Additive Solo D
56%
Additive Solo E
56%
Additive Solo F
56%
All Chord Quints feat. Bad Apple!!
56%
Alternative
56%
Anchored Zigs
56%
Are you Alright?
56%
Breather A
56%
Breather B
56%
Calculative Solo A
56%
Calculative Solo B
56%
Carnival Solo
56%
Cavern Verse A
56%
Cavern Verse B
56%
Celebration
56%
Chainsaw Solo
56%
Chaos Solo
56%
Closure
56%
Cooking Solo
56%
Dexterity Reversed
56%
Dexterity Solo
56%
East Solo
56%
Endless Solo
56%
Exiled A
56%
Exiled B
56%
Gemini Solo
56%
Glee
56%
Hangin' in There?
56%
Interlude
56%
Leaping Solo
56%
Malevolence
56%
Messy
56%
Nuclear Solo
56%
Panner
56%
Quake Solo
56%
Rake Chimneys
56%
Raker A
56%
Raker B
56%
Red Dragon
56%
Remembrance Solo
56%
Robotic Reversed
56%
Stamina Solo
56%
Swarm
56%
Tidy
56%
Tripped Reversed
56%
Triumphant Return
56%
Triumphant Solo
56%
Various Fretting
56%
Victory Verse A
56%
Victory Verse B
56%
Victory Verse C
56%
Victory Verse D
56%
Wicked Solo
56%
Advancement
44%
And Going...
44%
Angelic Savagery
44%
Audible Cue
44%
Blasphemy A
44%
Blasphemy B
44%
Blasphemy C
44%
Blasphemy D
44%
Bullet Trail
44%
Captured
44%
Cataclysmic Solo
44%
Cathedral
44%
Cavern Lead
44%
Cold Solo A
44%
Cold Solo B
44%
Disturbing Solo
44%
Escape from Asylum
44%
FC This, Nerds A
44%
FC This, Nerds B
44%
FC This, Nerds C
44%
FC This, Nerds D
44%
Festivities
44%
Filler Reversed
44%
Filler Solo
44%
Frantic A
44%
Frantic B
44%
Frustration
44%
Fusion Solo
44%
Going Up A
44%
Going Up B
44%
HAL Solo
44%
Improved Rosary A
44%
Improved Rosary B
44%
Inflation
44%
Jumbled Solo
44%
Juxtaposition A
44%
Juxtaposition B
44%
Mental Reversed
44%
Mental Solo
44%
Narcissism
44%
Neon
44%
Ongoing
44%
Patterns A
44%
Patterns B
44%
Patterns C
44%
Patterns D
44%
Preceding the Chorus
44%
Pressure Reversed
44%
Pressure Solo
44%
Relentless Solo
44%
Robotic Wall
44%
Ruthless Solo
44%
Sentencing
44%
Sleep Paralysis
44%
Solo of a Machine
44%
Something's Off
44%
Soothing Rest
44%
Systematic Solo
44%
This is Unfair.
44%
Youthful Solo
44%
Zed Solo
44%
Apocalyptic Solo
33%
A Rather Expected Ending
33%
Bipolar Solo
33%
Conjoined Solo
33%
Excruciating Solo
33%
Party Time
33%
Serious Solo
33%
Suffering Solo
33%
Surprise Ending
33%
Tripped Up
33%
Unexpected Ending
33%
Ambush Solo
22%
Misalignment
22%
On Edge
22%

Score Distribution

Percentile by Number Answered

Percent of People with Each Score

Your Score History

You have not taken this quiz since the last reset